AIESA – Budovanie spoločnosti založenej na vedomostiach recenzovaný zborník - 19. medzinárodná vedecká konferencia organizovaná pod záštitou rektora Ekonomickej univerzity v Bratislave prof. Ing. Ferdinanda Daňa, PhD. a dekana Fakulty hospodárskej informatiky prof. Ing. Ivana Brezinu, CSc., 13. novembra 2020, Bratislava
Saved in:
| Corporate Authors: | , |
|---|---|
| Other Authors: | |
| Format: | Book |
| Language: | Slovak English |
| Published: |
Bratislava
Letra Edu
2020
|
| Edition: | 1. vydanie |
| Subjects: | |
| Tags: |
No Tags, Be the first to tag this record!
|
MARC
| LEADER | 00000nlm a2200000 4500 | ||
|---|---|---|---|
| 001 | 0270679 | ||
| 005 | 20240502074238.2 | ||
| 020 | |a 978-80-89962-68-6 | ||
| 020 | |a 978-80-89962-69-3 | ||
| 041 | 0 | |a slo | |
| 041 | 0 | |a eng | |
| 044 | |a SK | ||
| 245 | 1 | 0 | |a AIESA – Budovanie spoločnosti založenej na vedomostiach |b recenzovaný zborník - 19. medzinárodná vedecká konferencia organizovaná pod záštitou rektora Ekonomickej univerzity v Bratislave prof. Ing. Ferdinanda Daňa, PhD. a dekana Fakulty hospodárskej informatiky prof. Ing. Ivana Brezinu, CSc., 13. novembra 2020, Bratislava |c zostavovateľ zborníka/Editor: Eva Čerteková |
| 250 | |a 1. vydanie | ||
| 264 | 1 | |a Bratislava |b Letra Edu |c 2020 | |
| 300 | |a 356 s. [19,18 AH] | ||
| 610 | 2 | 0 | |a informatika aplikovaná |
| 610 | 2 | 0 | |a ekonometria |
| 610 | 2 | 0 | |a štatistika aplikovaná |
| 610 | 2 | 0 | |a účtovníctvo |
| 610 | 2 | 0 | |a spoločnosť vedomostná |
| 700 | 1 | |a Čerteková, Eva | |
| 110 | 2 | |a AIESA 2020. medzinárodná vedecká konferencia | |
| 710 | 2 | |a Ekonomická univerzita v Bratislave. Fakulta hospodárskej informatiky | |